| 000 | nam a22 a 4500 | ||
|---|---|---|---|
| 999 |
_c3511 _d3511 |
||
| 003 | AKMAL | ||
| 005 | 20170523101329.0 | ||
| 008 | 170523s1993 ca 00 eng d | ||
| 020 |
_a1881052133: _cUSD 27.95 |
||
| 082 | 0 | 4 | _a658.4095 LUN |
| 090 |
_a658.4095 _bLUN |
||
| 100 | 1 |
_aLundin, William, _c1923- _97019 |
|
| 245 | 1 | 4 |
_aThe healing manager : _bhow to build quality relationships & productive cultures at work / _cWilliam Lundin and Katleen Lundin |
| 260 |
_aSan Francisco, CA : _bBerrett-Koehler, _c1993 |
||
| 300 |
_axx, 248p. ; _c24cm |
||
| 500 | _aIncludes index | ||
| 650 |
_aManagement _vPsychological aspects _91223 |
||
| 650 |
_aInterpersonal relations _9487 |
||
| 700 | 1 |
_aLundin, Kathleen, _d1935- _97020 |
|
| 942 |
_2ddc _cBOOK |
||